000
00288nam a2200133Ia 4500
100
_a
Graf R.F.
942
_c
BK
654
_a
Electronic
245
_a
The Encyclopedia of Electronics Circuits
260
_b
B.P.B.
_a
New Delhi
_c
1995
300
_a
760
546
_a
ENGLISH
999
_c
33400
_d
33400